[Event "Mittelfranken-chTB2b 1920"]
[Site "Mittelfranken"]
[Date "2019.12.01"]
[Round "3.4"]
[White "Stuermer, Martin"]
[Black "Petrov, Mikhail3333"]
[Result "1-0"]
[WhiteElo "1840"]
[BlackElo "1931"]
[PlyCount "55"]
[EventDate "2019.10.13"]
[EventType "team-tourn"]
[EventRounds "9"]
[EventCountry "GER"]
[SourceTitle "EXT 2023"]
[Source "ChessBase"]
[SourceDate "2022.10.05"]
[SourceVersion "1"]
[SourceVersionDate "2022.10.05"]
[SourceQuality "1"]
[WhiteTeam "Postbauer Heng II"]
[BlackTeam "Nuernberg Sued SW III"]
[WhiteTeamCountry "GER"]
[BlackTeamCountry "GER"]

1. Nf3 d5 2. c4 d4 3. d3 c5 4. e3 Nc6 5. Be2 e5 6. exd4 cxd4 7. a3 a5 8. 0-0 Bd6 9. Ng5 f5 10. f4 Be7 11. Bf3 exf4 12. Re1 Qd6 13. Bd5 Nf6 14. Nf7 Qd7 15. Nxh8 Nxd5 16. cxd5 Qxd5 17. Qh5+ Kd8 18. Nf7+ Kc7 19. Bxf4+ Kb6 20. Nd2 Be6 21. Nc4+ Ka6 22. Nfe5 g5 23. Bd2 g4 24. Nxc6 bxc6 25. Re5 Qd7 26. Rxa5+ Kb7 27. Rxa8 Kxa8 28. Nb6+ 1-0

[Event "Regionalliga Nord-Ost 1819"]
[Site "Bayern"]
[Date "2019.02.03"]
[Round "6.7"]
[White "Stuermer, Martin"]
[Black "Walter, Thomas"]
[Result "0-1"]
[WhiteElo "1846"]
[BlackElo "2053"]
[PlyCount "74"]
[EventDate "2018.10.21"]
[EventType "team-tourn"]
[EventRounds "9"]
[EventCountry "GER"]
[SourceTitle "EXT 2022"]
[Source "ChessBase"]
[SourceDate "2021.10.06"]
[SourceVersion "1"]
[SourceVersionDate "2021.10.06"]
[SourceQuality "1"]
[WhiteTeam "Postbauer Heng"]
[BlackTeam "Erlangen SC II"]
[WhiteTeamCountry "GER"]
[BlackTeamCountry "GER"]

1. Nf3 b5 2. d4 Bb7 3. e3 a6 4. Nbd2 e6 5. c4 bxc4 6. Bxc4 c5 7. 0-0 Nf6 8. a3 cxd4 9. exd4 Bd6 10. Be2 Nc6 11. Nc4 Bb8 12. Bg5 Qc7 13. g3 Nd5 14. Ne3 Nce7 15. Rc1 Qb6 16. Nc4 Qd8 17. Bd2 Nc6 18. Nce5 f6 19. Nxc6 Bxc6 20. Nh4 0-0 21. Ng2 Qb6 22. Bc3 Bd6 23. b4 Rac8 24. Ba1 Rc7 25. Ne1 Ba4 26. Qd2 Rfc8 27. Nd3 Rc2 28. Rxc2 Rxc2 29. Qe1 Bb5 30. Nc1 Rxc1 31. Qxc1 Bxe2 32. Qc8+ Bf8 33. Rc1 Bb5 34. Rc5 Bc6 35. Ra5 Nxb4 36. axb4 Qxb4 37. Qxa6 Qe1+ 0-1

[Event "Mittelfranken-chTB1 1617"]
[Site "Mittelfranken"]
[Date "2016.11.27"]
[Round "3.8"]
[White "Kotitschke, Karlheinz"]
[Black "Stuermer, Martin"]
[Result "0-1"]
[WhiteElo "1799"]
[BlackElo "1841"]
[PlyCount "101"]
[EventDate "2016.10.23"]
[EventType "team-tourn"]
[EventRounds "9"]
[EventCountry "GER"]
[SourceTitle "EXT 2022"]
[Source "ChessBase"]
[SourceDate "2021.10.06"]
[SourceVersion "1"]
[SourceVersionDate "2021.10.06"]
[SourceQuality "1"]
[WhiteTeam "Rothenburg"]
[BlackTeam "Postbauer Heng"]
[WhiteTeamCountry "GER"]
[BlackTeamCountry "GER"]

1. d4 Nf6 2. Bg5 e6 3. Nd2 Be7 4. Ngf3 d5 5. e3 Nbd7 6. Bd3 c5 7. c3 h6 8. Bf4 Nh5 9. Be5 Nhf6 10. 0-0 0-0 11. Qe2 a6 12. Rae1 b5 13. e4 Bb7 14. Bxf6 Bxf6 15. e5 Be7 16. Bb1 Re8 17. Qd3 Nf8 18. Re3 a5 19. Ne1 cxd4 20. cxd4 b4 21. Qe2 Qb6 22. Qg4 f5 23. exf6 Bxf6 24. Nef3 Re7 25. Ne5 Bxe5 26. Rxe5 Nd7 27. Re3 Nf6 28. Qh4 a4 29. Rfe1 Bc8 30. Bf5 Raa7 31. Nf3 Qd6 32. Bb1 Rac7 33. Ne5 Bd7 34. Qg3 Be8 35. Ng6 Red7 36. Qxd6 Rxd6 37. Nf4 Bf7 38. f3 g5 39. Ne2 Kg7 40. Kf2 Rdc6 41. Rd1 Bg6 42. Ke1 Bxb1 43. Rxb1 Kf7 44. Kd1 Ne8 45. Rc1 Nd6 46. Rxc6 Rxc6 47. b3 axb3 48. axb3 Nb5 49. Kd2 Ra6 50. Kc2 Ra2+ 51. Kb1 0-1

[Event "Mittelfranken-chTB1 1415"]
[Site "Mittelfranken"]
[Date "2015.02.08"]
[Round "6.8"]
[White "Stuermer, Martin"]
[Black "Wolfrum, Peter"]
[Result "1-0"]
[WhiteElo "1818"]
[BlackElo "1635"]
[PlyCount "97"]
[EventDate "2014.09.29"]
[EventType "team-tourn"]
[EventRounds "9"]
[EventCountry "GER"]
[SourceTitle "EXT 2020"]
[Source "ChessBase"]
[SourceDate "2019.10.17"]
[SourceVersion "1"]
[SourceVersionDate "2019.10.17"]
[SourceQuality "1"]
[WhiteTeam "Postbauer Heng"]
[BlackTeam "Nuernberg SK 1911 II"]
[WhiteTeamCountry "GER"]
[BlackTeamCountry "GER"]

1. Nf3 b6 2. c4 Bb7 3. e3 e6 4. Be2 Nf6 5. d4 Be7 6. Nc3 0-0 7. 0-0 d5 8. Ne5 Nbd7 9. cxd5 Nxe5 10. dxe5 Nxd5 11. Bf3 Nxc3 12. Qxd8 Raxd8 13. Bxb7 Ne2+ 14. Kh1 Nxc1 15. Raxc1 c5 16. Rcd1 Rxd1 17. Rxd1 Rd8 18. Rxd8+ Bxd8 19. Ba6 Kf8 20. g3 Ke7 21. Kg2 f6 22. exf6+ Kxf6 23. f4 g6 24. Kf3 Bc7 25. h3 h6 26. a4 Bd6 27. b3 Bc7 28. g4 e5 29. Ke4 exf4 30. exf4 Ke7 31. f5 g5 32. Kd5 Bd8 33. Kc6 Kf6 34. Kb7 Ke5 35. Kxa7 Kf4 36. Kb7 Kg3 37. Kc8 Bf6 38. Kc7 Bd4 39. Bf1 c4 40. Bxc4 Kxh3 41. Be2 h5 42. gxh5 g4 43. Kd6 g3 44. Bf3 g2 45. Bxg2+ Kxg2 46. Ke6 Kg3 47. f6 Kg4 48. h6 Kg5 49. f7 1-0

[Event "Mittelfranken-chTB1 0910"]
[Site "Mittelfranken"]
[Date "2010.02.21"]
[Round "7.8"]
[White "Stuermer, Martin"]
[Black "Goetz, Dieter"]
[Result "1-0"]
[WhiteElo "1817"]
[BlackElo "1858"]
[PlyCount "45"]
[EventDate "2009.10.11"]
[EventType "team-tourn"]
[EventRounds "9"]
[EventCountry "GER"]
[SourceTitle "EXT 2011"]
[Source "ChessBase"]
[SourceDate "2010.11.26"]
[SourceVersion "1"]
[SourceVersionDate "2010.11.26"]
[SourceQuality "1"]
[WhiteTeam "Postbauer Heng"]
[BlackTeam "Nuernberg SK 1911"]
[WhiteTeamCountry "GER"]
[BlackTeamCountry "GER"]

1. Nf3 Nf6 2. c4 d6 3. d4 Nbd7 4. Nc3 e5 5. Bg5 Be7 6. e3 0-0 7. Be2 c6 8. 0-0 Re8 9. Qc2 Qc7 10. Rac1 a6 11. a3 Nf8 12. h3 Ng6 13. Ne4 Nxe4 14. Bxe7 f5 15. Bh4 Nxh4 16. Nxh4 exd4 17. exd4 Qe7 18. Nf3 Bd7 19. Bd3 Qf6 20. Rfe1 Ng5 21. Nxg5 Qxg5 22. Qc3 f4 23. Bf1 1-0

[Event "Mittelfranken-chTB1 0910"]
[Site "Mittelfranken"]
[Date "2009.11.22"]
[Round "3.8"]
[White "Jaeger, Peter"]
[Black "Stuermer, Martin"]
[Result "1-0"]
[WhiteElo "1770"]
[BlackElo "1817"]
[PlyCount "125"]
[EventDate "2009.10.11"]
[EventType "team-tourn"]
[EventRounds "9"]
[EventCountry "GER"]
[SourceTitle "EXT 2011"]
[Source "ChessBase"]
[SourceDate "2010.11.26"]
[SourceVersion "1"]
[SourceVersionDate "2010.11.26"]
[SourceQuality "1"]
[WhiteTeam "Gunzenhausen"]
[BlackTeam "Postbauer Heng"]
[WhiteTeamCountry "GER"]
[BlackTeamCountry "GER"]

1. d4 Nf6 2. f3 d5 3. Bg5 e6 4. e3 Be7 5. Bd3 Nbd7 6. Ne2 c5 7. c3 0-0 8. Nd2 Nh5 9. Bxe7 Qxe7 10. 0-0 g6 11. f4 f5 12. Kh1 Nhf6 13. Ng1 Ne4 14. Nxe4 dxe4 15. Be2 Nf6 16. Qe1 Nd5 17. Bd1 Bd7 18. Bb3 cxd4 19. Bxd5 exd5 20. cxd4 Rac8 21. Qd2 Kg7 22. Rfc1 h6 23. Qa5 Bc6 24. Qc5 Qxc5 25. Rxc5 b6 26. Rc3 Bb7 27. Rac1 Rxc3 28. Rxc3 Rc8 29. Ne2 Kf6 30. Rxc8 Bxc8 31. Nc3 Ke6 32. h3 Ba6 33. Kh2 Bd3 34. Kg3 Bf1 35. Kf2 Ba6 36. g4 Bc8 37. gxf5+ gxf5 38. Kg3 Bd7 39. Kf2 Kd6 40. Ke2 Be8 41. Kd2 Bd7 42. Kc2 Bc6 43. Kb3 Ke6 44. Ne2 Bb5 45. Ng3 Bc4+ 46. Ka3 Bb5 47. Kb4 Bd7 48. a4 a5+ 49. Ka3 Kf6 50. b4 axb4+ 51. Kxb4 Ke6 52. a5 bxa5+ 53. Kxa5 Kd6 54. Nh5 Be8 55. Ng3 Bd7 56. Kb6 Be6 57. Ne2 Bd7 58. Nc3 Bc6 59. Nb5+ Kd7 60. Kc5 Bb7 61. Nd6 Ba8 62. Nxf5 h5 63. h4 1-0

[Event "Nuremberg LGA Cup 6th"]
[Site "Nuremberg"]
[Date "2009.09.04"]
[Round "3"]
[White "Stuermer, Martin"]
[Black "Hirschberg, Leander"]
[Result "1-0"]
[WhiteElo "1957"]
[BlackElo "1699"]
[PlyCount "113"]
[EventDate "2009.09.03"]
[EventType "swiss"]
[EventRounds "7"]
[EventCountry "GER"]
[SourceTitle "CBM 132 Extra"]
[Source "ChessBase"]
[SourceDate "2009.11.03"]
[SourceVersion "1"]
[SourceVersionDate "2009.11.03"]
[SourceQuality "1"]

1. Nf3 d5 2. c4 Nf6 3. e3 Bf5 4. Nc3 e6 5. d4 c5 6. Bd3 Bxd3 7. Qxd3 Be7 8. 0-0 0-0 9. a3 Nc6 10. dxc5 Bxc5 11. b4 Bb6 12. Bb2 Qd7 13. cxd5 Nxd5 14. Nxd5 Qxd5 15. Qc3 f6 16. Rfd1 Qf5 17. Nh4 Qg4 18. Nf3 e5 19. Qb3+ Kh8 20. h3 Qc8 21. Rac1 Rb8 22. Qa2 Qe8 23. Qc4 Qf7 24. Qxf7 Rxf7 25. Kf1 Kg8 26. Ke2 Kf8 27. Nd2 Rd7 28. Nc4 Rbd8 29. Rxd7 Rxd7 30. Nxb6 axb6 31. b5 Ne7 32. a4 Kf7 33. e4 Ng6 34. g3 Nf8 35. Rc4 Ne6 36. Bc3 Nc5 37. f4 Nd3 38. Ke3 h6 39. f5 Ke7 40. Bd4 Rxd4 41. Rxd4 exd4+ 42. Kxd3 h5 43. Kxd4 Kd6 44. h4 Kd7 45. Ke3 Kd6 46. Kf4 Kd7 47. g4 Ke7 48. gxh5 Kd6 49. e5+ fxe5+ 50. Ke4 Kd7 51. Kxe5 Ke7 52. f6+ gxf6+ 53. Kf5 Kf7 54. h6 Kg8 55. Kxf6 Kh7 56. Ke6 Kxh6 57. Kd7 1-0

[Event "Nuremberg LGA Cup 6th"]
[Site "Nuremberg"]
[Date "2009.09.03"]
[Round "1"]
[White "Jahnel, Guenther"]
[Black "Stuermer, Martin"]
[Result "1-0"]
[WhiteElo "2343"]
[BlackElo "1957"]
[PlyCount "73"]
[EventDate "2009.09.03"]
[EventType "swiss"]
[EventRounds "7"]
[EventCountry "GER"]
[SourceTitle "CBM 132 Extra"]
[Source "ChessBase"]
[SourceDate "2009.11.03"]
[SourceVersion "1"]
[SourceVersionDate "2009.11.03"]
[SourceQuality "1"]

1. d4 Nf6 2. c4 e6 3. Nc3 d5 4. Bg5 Be7 5. Nf3 Nbd7 6. e3 c6 7. Rc1 0-0 8. a3 dxc4 9. Bxc4 Nd5 10. Bxe7 Qxe7 11. 0-0 Nxc3 12. Rxc3 e5 13. dxe5 Nxe5 14. Nxe5 Qxe5 15. f4 Qe7 16. f5 Rd8 17. Rd3 Rxd3 18. Qxd3 b5 19. Ba2 Bd7 20. e4 c5 21. Bd5 Re8 22. Qc3 c4 23. Qd4 a6 24. f6 gxf6 25. Rxf6 Be6 26. Rf3 f6 27. Rxf6 Bxd5 28. Qxd5+ Kh8 29. Rf7 Qe6 30. Qh5 Qxe4 31. Rxh7+ Qxh7 32. Qxe8+ Qg8 33. Qxg8+ Kxg8 34. Kf2 a5 35. Ke3 b4 36. axb4 axb4 37. Kd4 1-0

[Event "Mittelfranken-ch NT 58th"]
[Site "Postbauer"]
[Date "2009.04.10"]
[Round "5"]
[White "Stuermer, Martin"]
[Black "Zwingel, Stephan"]
[Result "1/2-1/2"]
[WhiteElo "1897"]
[BlackElo "1964"]
[PlyCount "40"]
[EventDate "2009.04.08"]
[EventType "swiss"]
[EventRounds "7"]
[EventCountry "GER"]
[SourceTitle "EXT 2015"]
[Source "ChessBase"]
[SourceDate "2014.11.20"]
[SourceVersion "1"]
[SourceVersionDate "2014.11.20"]
[SourceQuality "1"]

1. Nf3 g6 2. c4 Bg7 3. Nc3 Nf6 4. d4 d6 5. e3 0-0 6. Be2 Nbd7 7. 0-0 e5 8. e4 c6 9. dxe5 dxe5 10. Qc2 Qc7 11. Rd1 Re8 12. Bf1 Nf8 13. Be3 Bg4 14. Be2 Rad8 15. h3 Bxf3 16. Bxf3 Ne6 17. Ne2 b6 18. c5 b5 19. b4 a5 20. a3 Kf8 1/2-1/2

[Event "Mittelfranken-chTB1 0809"]
[Site "Mittelfranken"]
[Date "2009.01.11"]
[Round "4.8"]
[White "Zach, Andreas1111"]
[Black "Stuermer, Martin"]
[Result "0-1"]
[WhiteElo "1845"]
[BlackElo "1887"]
[PlyCount "96"]
[EventDate "2008.10.12"]
[EventType "team"]
[EventRounds "9"]
[EventCountry "GER"]
[SourceTitle "EXT 2011"]
[Source "ChessBase"]
[SourceDate "2010.11.26"]
[SourceVersion "1"]
[SourceVersionDate "2010.11.26"]
[SourceQuality "1"]
[WhiteTeam "Lauf"]
[BlackTeam "Postbauer II"]
[WhiteTeamCountry "GER"]
[BlackTeamCountry "GER"]

1. d4 Nf6 2. Bg5 e6 3. f3 Be7 4. e4 d5 5. e5 Nfd7 6. Be3 c5 7. c3 Nc6 8. Bb5 Qb6 9. Bxc6 bxc6 10. Qd2 Rb8 11. Ne2 Qxb2 12. Qxb2 Rxb2 13. Nd2 Ba6 14. Kf2 0-0 15. a3 Bxe2 16. Kxe2 cxd4 17. cxd4 c5 18. Rhb1 Rfb8 19. Rxb2 Rxb2 20. Rb1 Rxb1 21. Nxb1 f6 22. f4 Kf7 23. Kf3 fxe5 24. dxe5 Nb6 25. Bc1 h5 26. Nc3 a6 27. g3 Kg6 28. Ke2 Kf5 29. Kf3 g5 30. Nd1 g4+ 31. Ke3 Nc4+ 32. Ke2 Bd8 33. Kd3 Be7 34. a4 Bd8 35. Be3 Bb6 36. Bc1 Kg6 37. Ke2 Ba5 38. Kd3 Nb6 39. Nb2 Kf5 40. Nd1 Nxa4 41. Ne3+ Kg6 42. f5+ Kf7 43. Ng2 c4+ 44. Kc2 d4 45. Nf4 d3+ 46. Kb1 exf5 47. e6+ Ke8 48. Ba3 Nc3+ 0-1

[Event "Mittelfranken-chTB1 0809"]
[Site "Mittelfranken"]
[Date "2008.10.26"]
[Round "2.8"]
[White "Hegele, Juergen"]
[Black "Stuermer, Martin"]
[Result "1/2-1/2"]
[WhiteElo "1736"]
[BlackElo "1887"]
[PlyCount "107"]
[EventDate "2008.10.12"]
[EventType "team"]
[EventRounds "9"]
[EventCountry "GER"]
[SourceTitle "EXT 2011"]
[Source "ChessBase"]
[SourceDate "2010.11.26"]
[SourceVersion "1"]
[SourceVersionDate "2010.11.26"]
[SourceQuality "1"]
[WhiteTeam "Nuernberg NT IV"]
[BlackTeam "Postbauer II"]
[WhiteTeamCountry "GER"]
[BlackTeamCountry "GER"]

1. c4 c5 2. g3 Nc6 3. Bg2 Nf6 4. Nc3 d6 5. Nf3 e6 6. 0-0 Be7 7. d3 0-0 8. Bd2 a6 9. a3 Qc7 10. e3 b6 11. Qc2 Bb7 12. d4 cxd4 13. exd4 Rac8 14. d5 Ne5 15. Nxe5 dxe5 16. dxe6 Bxg2 17. exf7+ Rxf7 18. Kxg2 Qxc4 19. Rac1 Qc6+ 20. Kg1 Bc5 21. Qa4 b5 22. Qd1 Qe6 23. Qe2 Qh3 24. Qf3 Ng4 25. Qg2 Qxg2+ 26. Kxg2 Rxf2+ 27. Rxf2 Nxf2 28. Ne2 Nd3 29. Rc2 Rf8 30. Rc3 Rf2+ 31. Kh3 Rxe2 32. Rxd3 Bd4 33. Bc3 Bxc3 34. Rxc3 b4 35. Rb3 bxa3 36. bxa3 h5 37. Rb6 Kf7 38. Rxa6 e4 39. a4 e3 40. Ra5 Kf6 41. Ra6+ Kf5 42. Ra5+ Ke4 43. Rxh5 Ra2 44. Rh8 Kd3 45. Rd8+ Ke2 46. Re8 Rxa4 47. Kg2 Ra2 48. g4 Rd2 49. Kg3 Rd6 50. g5 Rd7 51. h4 Kd3 52. Kf3 Rf7+ 53. Kg3 e2 54. Rd8+ 1/2-1/2

[Event "Nuremberg LGA Cup 5th"]
[Site "Nuremberg"]
[Date "2008.09.06"]
[Round "5.68"]
[White "Gage, Daniel"]
[Black "Stuermer, Martin"]
[Result "1-0"]
[WhiteElo "1713"]
[BlackElo "1968"]
[PlyCount "69"]
[EventDate "2008.09.04"]
[EventType "swiss"]
[EventRounds "7"]
[EventCountry "GER"]
[SourceTitle "EXT 2022"]
[Source "ChessBase"]
[SourceDate "2021.10.06"]
[SourceVersion "1"]
[SourceVersionDate "2021.10.06"]
[SourceQuality "1"]

1. e4 c5 2. Nf3 d6 3. d4 cxd4 4. Nxd4 Nf6 5. Nc3 a6 6. Be2 e6 7. Be3 Be7 8. 0-0 0-0 9. f4 Nc6 10. Bf3 Bd7 11. Rf2 Qc7 12. g4 Nxd4 13. Bxd4 Bc6 14. g5 Nd7 15. h4 e5 16. Be3 exf4 17. Bxf4 Ne5 18. h5 Qd8 19. Rg2 Qb6+ 20. Kh2 Qxb2 21. Bxe5 dxe5 22. g6 h6 23. Nd5 Bxd5 24. c4 Bc6 25. Rxb2 fxg6 26. hxg6 Rf4 27. Qd3 Raf8 28. Bg2 Rh4+ 29. Kg3 Rhf4 30. Rf1 R8f6 31. Rxf4 exf4+ 32. Kf3 Rxg6 33. Kf2 Rg3 34. Qd1 g5 35. Rb3 1-0

[Event "Nuremberg LGA Cup 5th"]
[Site "Nuremberg"]
[Date "2008.09.06"]
[Round "4"]
[White "Stuermer, Martin"]
[Black "Struk, Jerzy"]
[Result "0-1"]
[WhiteElo "1968"]
[BlackElo "2164"]
[PlyCount "78"]
[EventDate "2008.09.04"]
[EventType "swiss"]
[EventRounds "7"]
[EventCountry "GER"]
[SourceTitle "CBM 126 Extra"]
[Source "ChessBase"]
[SourceDate "2008.11.05"]
[SourceVersion "1"]
[SourceVersionDate "2008.11.05"]
[SourceQuality "1"]

1. Nf3 d5 2. c4 e6 3. e3 Nf6 4. Nc3 Be7 5. d4 0-0 6. Bd3 a6 7. cxd5 exd5 8. h3 Bd6 9. 0-0 Nbd7 10. Re1 Re8 11. Qc2 Nf8 12. e4 dxe4 13. Nxe4 Nxe4 14. Bxe4 c6 15. Be3 g6 16. Bh6 Be6 17. Qc3 Bd5 18. Ng5 Be7 19. Bxd5 cxd5 20. Nf3 Rc8 21. Qd2 Ne6 22. Be3 Qb6 23. a3 Bf6 24. Ne5 Bg7 25. Rac1 f5 26. b4 Rxc1 27. Rxc1 f4 28. Bxf4 Qxd4 29. Qxd4 Nxd4 30. Re1 Nc2 31. Re2 Nxa3 32. Kf1 Bxe5 33. Bxe5 Nc4 34. Bd4 Rxe2 35. Kxe2 Kf7 36. Kd3 Ke6 37. f4 Kf5 38. g3 Nd6 39. Be5 Ke6 0-1

[Event "Nuremberg LGA Cup 5th"]
[Site "Nuremberg"]
[Date "2008.09.04"]
[Round "1"]
[White "Meinhardt, Maximilian"]
[Black "Stuermer, Martin"]
[Result "1/2-1/2"]
[WhiteElo "2366"]
[BlackElo "1968"]
[PlyCount "55"]
[EventDate "2008.09.04"]
[EventType "swiss"]
[EventRounds "7"]
[EventCountry "GER"]
[SourceTitle "CBM 126 Extra"]
[Source "ChessBase"]
[SourceDate "2008.11.05"]
[SourceVersion "1"]
[SourceVersionDate "2008.11.05"]
[SourceQuality "1"]

1. e4 c5 2. Nc3 Nc6 3. g3 Nf6 4. Bg2 d6 5. d3 e6 6. f4 Be7 7. Nf3 a6 8. 0-0 0-0 9. Kh1 Qc7 10. Be3 Ng4 11. Bg1 Nf6 12. h3 d5 13. Qe1 dxe4 14. dxe4 b6 15. e5 Ne8 16. g4 Bb7 17. Ne4 Rd8 18. c3 Qc8 19. Bh2 h6 20. Nfd2 Na5 21. f5 f6 22. exf6 Nxf6 23. Nxf6+ Rxf6 24. Ne4 Rf7 25. fxe6 Rxf1+ 26. Qxf1 Qxe6 27. Re1 Qxa2 28. Bc7 1/2-1/2

[Event "Miercurea Ciuc-B 8th"]
[Site "Miercurea Ciuc"]
[Date "2005.08.28"]
[Round "9"]
[White "Kokosi, Daniel"]
[Black "Stuermer, Martin"]
[Result "1/2-1/2"]
[WhiteElo "1659"]
[BlackElo "1962"]
[PlyCount "31"]
[EventDate "2005.08.20"]
[EventType "tourn"]
[EventRounds "9"]
[EventCountry "ROU"]
[SourceTitle "CBM 107 Extra"]
[Source "ChessBase"]
[SourceDate "2005.09.01"]
[SourceVersion "1"]
[SourceVersionDate "2005.09.01"]
[SourceQuality "1"]

1. d4 Nf6 2. c4 e6 3. Nc3 d5 4. Nf3 Be7 5. Bg5 Nbd7 6. e3 0-0 7. cxd5 exd5 8. Bd3 h6 9. Bh4 c6 10. 0-0 Ne4 11. Bxe7 Qxe7 12. Qc2 Re8 13. Nd2 Ndf6 14. Rfe1 Ng5 15. a3 Qd6 16. Ne2 1/2-1/2

[Event "Miercurea Ciuc-B 8th"]
[Site "Miercurea Ciuc"]
[Date "2005.08.25"]
[Round "6"]
[White "Boehm, Manfred"]
[Black "Stuermer, Martin"]
[Result "1/2-1/2"]
[WhiteElo "1858"]
[BlackElo "1962"]
[PlyCount "118"]
[EventDate "2005.08.20"]
[EventType "tourn"]
[EventRounds "9"]
[EventCountry "ROU"]
[SourceTitle "CBM 107 Extra"]
[Source "ChessBase"]
[SourceDate "2005.09.01"]
[SourceVersion "1"]
[SourceVersionDate "2005.09.01"]
[SourceQuality "1"]

1. e4 c5 2. Nf3 d6 3. c3 Nc6 4. d4 cxd4 5. cxd4 Nf6 6. Nc3 e6 7. Bd3 Be7 8. 0-0 0-0 9. Qe2 Bd7 10. Be3 a6 11. Rfe1 Re8 12. Rac1 Rc8 13. e5 dxe5 14. dxe5 Nd5 15. Nxd5 exd5 16. Bf4 Bg4 17. Qe3 Bb4 18. Red1 Bxf3 19. Qxf3 Nxe5 20. Qh3 Ng6 21. Bxg6 hxg6 22. Rxc8 Qxc8 23. Qb3 Qc4 24. Qxc4 dxc4 25. Be3 b5 26. Kf1 Kf8 27. Rd7 Rc8 28. Bd4 c3 29. bxc3 Bxc3 30. Bb6 Rc6 31. Rb7 Re6 32. g3 Bb4 33. Bd4 Re1+ 34. Kg2 Rd1 35. Rb8+ Ke7 36. Bxg7 Rd2 37. Bf8+ Ke6 38. Bxb4 Rxa2 39. Rb6+ Kd5 40. Rf6 Kc4 41. Be7 a5 42. Rxf7 b4 43. Rg7 b3 44. Bf6 a4 45. Rc7+ Kd5 46. Rb7 Kc4 47. h4 a3 48. Rc7+ Kd5 49. Rc1 Rc2 50. Rb1 b2 51. Bxb2 axb2 52. g4 Ke5 53. Kg3 Kf6 54. f4 Rc3+ 55. Kf2 Rb3 56. Kg2 Rb4 57. Kf3 Rb3+ 58. Ke4 Rb4+ 59. Ke3 Rb3+ 1/2-1/2

[Event "Miercurea Ciuc-B 8th"]
[Site "Miercurea Ciuc"]
[Date "2005.08.20"]
[Round "1"]
[White "Stuermer, Martin"]
[Black "Schmid, Siegfried"]
[Result "0-1"]
[WhiteElo "1962"]
[BlackElo "2247"]
[PlyCount "48"]
[EventDate "2005.08.20"]
[EventType "tourn"]
[EventRounds "9"]
[EventCountry "ROU"]
[SourceTitle "CBM 107 Extra"]
[Source "ChessBase"]
[SourceDate "2005.09.01"]
[SourceVersion "1"]
[SourceVersionDate "2005.09.01"]
[SourceQuality "1"]

1. Nf3 c5 2. c4 Nf6 3. Nc3 Nc6 4. d4 cxd4 5. Nxd4 e5 6. Nxc6 dxc6 7. Qxd8+ Kxd8 8. Bg5 Kc7 9. a3 Be6 10. e3 Nd7 11. Be2 f6 12. Bh4 a5 13. Na4 Nc5 14. Nxc5 Bxc5 15. Bd3 Rad8 16. Ke2 Rd7 17. Rhd1 Rhd8 18. Rac1 a4 19. Bg3 g5 20. Rc3 Bb6 21. Rcc1 h5 22. f3 Ba5 23. Bf2 e4 24. Bb1 Rxd1 0-1

[Event "Nuremberg LGA Cup"]
[Site "Nuremberg"]
[Date "2004.09.12"]
[Round "4"]
[White "Stuermer, Martin"]
[Black "Werner, Thomas1111"]
[Result "1-0"]
[WhiteElo "1968"]
[BlackElo "2106"]
[PlyCount "77"]
[EventDate "2004.09.10"]
[EventType "swiss"]
[EventRounds "5"]
[EventCountry "GER"]
[SourceTitle "CBM 102 Extra"]
[Source "ChessBase"]
[SourceDate "2004.11.03"]
[SourceVersion "1"]
[SourceVersionDate "2004.11.03"]
[SourceQuality "1"]

1. Nf3 d5 2. c4 c6 3. e3 Nf6 4. Be2 dxc4 5. Bxc4 b5 6. Be2 Bb7 7. Nc3 Nbd7 8. d4 e6 9. a3 a5 10. Bd2 b4 11. axb4 Bxb4 12. 0-0 0-0 13. Na4 Qe7 14. Rc1 Bxd2 15. Qxd2 Ne4 16. Qc2 c5 17. Bd3 f5 18. dxc5 Rac8 19. Nd4 Nexc5 20. Nxc5 Rxc5 21. Qb1 Rfc8 22. Rxc5 Rxc5 23. b4 axb4 24. Qxb4 Nf8 25. Bc4 Kf7 26. f3 Qc7 27. Rb1 Bd5 28. Bxd5 Rxd5 29. Qb7 Rd7 30. Qb3 Kf6 31. Qb2 Kf7 32. Rc1 Qa7 33. Qc3 f4 34. Nc6 Qb6 35. Ne5+ Kg8 36. Nxd7 Nxd7 37. Qd4 Qb7 38. Qxf4 Qd5 39. Rc8+ 1-0

[Event "Nuremberg LGA Cup"]
[Site "Nuremberg"]
[Date "2004.09.11"]
[Round "2"]
[White "Stuermer, Martin"]
[Black "Rosenberger, Frank"]
[Result "1/2-1/2"]
[WhiteElo "1968"]
[BlackElo "2208"]
[PlyCount "81"]
[EventDate "2004.09.10"]
[EventType "swiss"]
[EventRounds "5"]
[EventCountry "GER"]
[SourceTitle "CBM 102 Extra"]
[Source "ChessBase"]
[SourceDate "2004.11.03"]
[SourceVersion "1"]
[SourceVersionDate "2004.11.03"]
[SourceQuality "1"]

1. Nf3 d5 2. c4 e6 3. b3 Nf6 4. e3 Nbd7 5. Bb2 c6 6. Be2 Bd6 7. d4 0-0 8. 0-0 Ne4 9. Nbd2 f5 10. Ne5 Nxe5 11. dxe5 Bc5 12. Qc2 Qb6 13. Nxe4 dxe4 14. a3 a5 15. Rad1 Qc7 16. Qd2 Qe7 17. Bc3 Bxa3 18. Bxa5 Bc5 19. Bc3 Qf7 20. b4 Be7 21. c5 g5 22. f3 exf3 23. Bxf3 Qg6 24. Be2 g4 25. Qc2 h5 26. g3 Qh6 27. Rd3 h4 28. gxh4 Bxh4 29. Be1 Bg5 30. Bd2 Qg7 31. Qb2 Rd8 32. Rxd8+ Bxd8 33. Qd4 Bc7 34. Bc3 Qd7 35. Qf4 Qg7 36. Bc4 Kh8 37. Rd1 b5 38. cxb6 Bxb6 39. Bd4 Bc7 40. Bb2 Ra4 41. Bc3 1/2-1/2

[Event "Miercurea Ciuc Banc Post-B"]
[Site "Miercurea Ciuc"]
[Date "2003.08.28"]
[Round "5"]
[White "Sukosd, Janos"]
[Black "Stuermer, Martin"]
[Result "1/2-1/2"]
[WhiteElo "2090"]
[BlackElo "2027"]
[PlyCount "73"]
[EventDate "2003.08.24"]
[EventType "tourn"]
[EventRounds "11"]
[EventCountry "ROU"]
[SourceTitle "EXT 2012"]
[Source "ChessBase"]
[SourceDate "2011.11.24"]
[SourceVersion "1"]
[SourceVersionDate "2011.11.24"]
[SourceQuality "1"]

1. e4 e5 2. Nf3 Nc6 3. Bb5 a6 4. Ba4 Nf6 5. 0-0 b5 6. Bb3 d6 7. Ng5 d5 8. exd5 Nd4 9. d3 Nxb3 10. axb3 h6 11. Ne4 Nxd5 12. Nbc3 Be6 13. Qe2 Be7 14. Nxd5 Bxd5 15. Nc3 Bb7 16. Qxe5 0-0 17. Bf4 Rc8 18. Rfe1 Bf6 19. Qc5 Qd7 20. Bg3 Bd4 21. Qe7 Qc6 22. Qe4 Qb6 23. Nd5 Bxd5 24. Qxd5 Bxb2 25. Rab1 Rcd8 26. Qf3 Bc3 27. Re7 Rc8 28. h3 Bf6 29. Re4 Rfe8 30. Rbe1 Rxe4 31. Rxe4 c5 32. Be5 Bxe5 33. Rxe5 Qc7 34. Qe4 Qc6 35. Qe2 c4 36. dxc4 bxc4 37. bxc4 1/2-1/2